| 000 | 00529nam a22001937a 4500 | ||
|---|---|---|---|
| 003 | OSt | ||
| 005 | 20220830100339.0 | ||
| 008 | 220818b |||||||| |||| 00| 0 eng d | ||
| 020 | _a8170350743 | ||
| 040 | _cIFM Library | ||
| 082 | _a332.2 | ||
| 100 |
_aKalkundrikar, A. B. _93449 |
||
| 245 | _aRegional Rural Banks and Economic Development | ||
| 260 |
_aDelhi: _bDaya Publishing House, _c1990 |
||
| 300 | _aiii, 211p.: ill.; 22cm. | ||
| 500 | _aIncludes index | ||
| 650 |
_aEconomic Development _91236 |
||
| 942 |
_cBK _2ddc _n0 |
||
| 999 |
_c16272 _d16272 |
||